LEADER 01069nam a2200265 i 4500 001 000000245061 003 CaOOAMICUS 005 20150917000000.0 008 150917s1946 it u000 u ita u 013 $a223966 040 $aSeMil$bita 100 1 $aSchrijvers, Joseph,$d<1876-1945>.$0(OLS)http://semarc/name/38853 245 12$aI principii della vita spirituale /$cdi Giuseppe Schryvers , C. SS. R ; Traduzione del Sac. Dr. Alessandro Cantono. 250 $a5. ed. 260 $aTorino ; Roma :$bMarietti,$c1946. 300 $aXXV, 359 p. ;$c23 cm. 500 $aFondo card. Giovanni Colombo. 650 4$aVita spirituale.$0(OLS)http://semarc/subject/381 700 1 $aCantono, Alessandro.$0(OLS)http://semarc/name/25033 850 $aSeMil 852 $aSeMil$W1$xVenegono$y1$m3GC IV 277/B$j195407$B195407$CSeMilBibl$Z2$F206081 $8B 941 1 $a3 961 $aLascito: Colombo Card. Giovanni 996 $6245$aI principii della vita spirituale$9(OLS)http://semarc/title/266269 996 $6260$aTorino ; Roma :$bMarietti$9(OLS)http://semarc/publisher/32636 LEADER 01588nam a2200337 i 4500 001 000000109417 003 CaOOAMICUS 005 20091021000000.0 008 091021s1996 it u000 u ita u 013 $a82097 020 $a88-7305-559-1 040 $aSeMil$bita 100 1 $aLustiger, Jean-Marie .$0(OLS)http://semarc/name/4414 240 10$aDevenez dignes de la conditione humaine.$0(OLS)http://semarc/title/158843 245 10$aSiate degni della condizione umana /$cJean-Marie Lustiger ; traduzione di Alberto Folin. 260 $aVicenza :$bNeri Pozza,$ccopyr. 1996. 300 $a140 p. ;$c21 cm. 500 $aSulla coperta : Morale, religione e societą nelle parole illuminate dell'arcivescovo di Parigi. - Fondo Card. C.M. Martini. 650 4$aDiritti dell'uomo.$0(OLS)http://semarc/subject/2365 650 4$aCoscienza.$0(OLS)http://semarc/subject/441 650 4$aDignitą umana.$0(OLS)http://semarc/subject/11765 650 4$aLibertą religiosa.$0(OLS)http://semarc/subject/6329 650 4$aEuropa - Confessioni religiose.$0(OLS)http://semarc/subject/16437 700 1 $aFolin, Alberto,$d<1945- >.$0(OLS)http://semarc/name/42651 850 $aSeMil 852 $aSeMil$W1$xVenegono$y1$m2F I 90$j65407$B65407$CSeMilBibl$Z2$F87099 $81 941 1 $a4 961 $aOmaggio: Martini Card. Carlo Maria 996 $6020$a88-7305-559-1$9(OLS)http://semarc/number/90761 996 $6245$aSiate degni della condizione umana$9(OLS)http://semarc/title/158842 996 $6260$aVicenza :$bNeri Pozza$9(OLS)http://semarc/publisher/32468